Les Assassinats célèbres - Clic Quiz - Statistiques

Statistiques générales
  • Ce quiz a été pris 55 fois
  • Le résultat moyen est 10 sur 20
Statistiques - réponses
Hint Réponse % Correct
Bertrand Cantat Marie Trintignant
88%
Chérif et Saïd Kouachi Cabu
84%
Lee Harvey Oswald John Fitzgerald Kennedy
84%
Tetsuya Yamagami Shinzō Abe
82%
Charlotte Corday Jean-Paul Marat
76%
François Ravaillac Henri IV
74%
Charles Manson Sharon Tate
64%
Ignati Grinevitski Alexandre II de Russie
62%
Giuseppe Pelosi Pier Paolo Pasolini
62%
Nathuram Godse Gandhi
54%
Gavrilo Princip François-Ferdinand d'Autriche
46%
Mark David Chapman John Lennon
44%
John Wilkes Booth Abraham Lincoln
40%
Jacques Clément Henri III
36%
Raoul Villain Jean Jaurès
36%
James Earl Ray Martin Luther King
28%
Sante Geronimo Caserio Sadi Carnot
18%
Charles J. Guiteau James Abram Garfield
14%
Thomas Hagan Malcolm X
10%
Paul Gorgulov Paul Doumer
6%
Aucun quiz correspondant
Distribution des résultats
% des personnes avec chaque résultat
Percentile par nombre de réponses
Votre historique - résultats
Vous n’avez pas pris ce quiz